vampire - Olivia Rodrigo (All Lyrics) - Statistics

General Stats
  • This quiz has been taken 47 times
    40 since last reset
  • The average score is 351 of 388
Answer Stats
Lyrics % Correct
a
100%
at
100%
big
100%
But
100%
but
100%
come
100%
for
100%
God,
100%
God
100%
I
100%
it
100%
I've
100%
know
100%
like
100%
Look
100%
look
100%
made
100%
me
100%
me,
100%
mistakes
100%
night
100%
only
100%
out
100%
out,
100%
parts
100%
real
100%
smart
100%
so
100%
the
100%
The
100%
think
100%
to
100%
used
100%
vampire
100%
was
100%
way
100%
you
100%
you,
100%
You
100%
your
100%
Bloodsucker,
96%
dry
96%
into
96%
naive
96%
should've
96%
some
96%
teeth
96%
worst
96%
fame fucker
93%
fine
93%
goddamn
93%
known
93%
make
93%
one
93%
sold
93%
strange
93%
you're
93%
You're
93%
and
89%
And
89%
as
89%
As
89%
do
89%
Hate
89%
hate
89%
love,
89%
love
89%
now
89%
of
89%
oh
89%
Oh,
89%
too
89%
how
86%
How
86%
(How
86%
when
86%
about?
82%
be
82%
Bleedin'
82%
called
82%
care
82%
'Cause
82%
'cause
82%
crazy,
82%
crazy
82%
doing
82%
ever
82%
girl
82%
said
82%
sunk
82%
them
82%
Can't
79%
can't
79%
give
79%
got
79%
Just
79%
just
79%
lie
79%
lie?
79%
lie?)
79%
people
79%
pretend
79%
that
79%
what
79%
would
79%
asking
75%
bad,
75%
bad
75%
convincing
75%
every
75%
guy,
75%
had
75%
my
75%
never
75%
satisfaction
75%
talked
75%
true
75%
wanted
75%
were
75%
without
75%
anyone
71%
cool
71%
heart
71%
her
71%
How's
71%
loved
71%
mean
71%
news
71%
not
71%
see
71%
told
71%
tried
71%
wouldn't
71%
age
68%
better
68%
built
68%
castle
68%
'em
68%
flinching?
68%
forbidden
68%
girls
68%
gotta
68%
hard?
68%
laugh
68%
little
68%
paradise
68%
stupidity
68%
truly
68%
close
64%
eyes
64%
figure
64%
fucked
64%
help
64%
off
64%
thing
64%
torture
64%
up
64%
will
64%
diamonds
61%
knows
61%
months
61%
Six
61%
sometimes
61%
understand
61%
mesmerizing,
57%
parties
57%
I'll
54%
kind
54%
thrill
54%
Went
50%
paralyzing,
46%
think's
32%
No matching quizzes found
Score Distribution
Percent of People with Each Score
Percentile by Number Answered
Your Score History
You have not taken this quiz since the last reset